000 04626nam a22003737a 4500
003 URS
005 20251007151052.0
008 251007b |||||||| |||| 00| 0 eng d
020 _a978-0-323-82739-3
040 _cURS
_benglish
_erda
050 0 0 _aRG951
_b.St94 2024
245 1 0 _aStudy guide for foundations of maternal-newborn and women's health nursing /
_cSharon Murray...[and four others].
250 _aEight edition.
264 _aSingapore :
_bElsevier,
_c©2024.
300 _av, 235 pages :
_billustrations ;
_c27 cm.
336 _2rdacontent
_atext
_btxt
337 _2rdamedia
_aunmediated
_bn
338 _2rdacarrier
_avolume
_bnc
505 0 _aA framework for maternal & child health nursing -- Sociocultural aspects of maternal and child health nursing -- The childbearing and childrearing family -- The childbearing & childrearing family in the community -- The nursing role in reproductive and sexual health -- Assisting the family with reproductive life planning -- The nursing role in genetic assessment and counseling -- Nursing care of the subfertile couple -- The growing fetus -- Psychological and physiologic changes of pregnancy -- Assessing fetal and maternal health : prenatal care -- Promoting fetal and maternal health -- Promoting nutritional health during pregnancy -- Preparing a family for childbirth and parenting -- Nursing care of a family during labor and birth -- Providing comfort during labor and birth -- Nursing care of a postpartal family -- Nursing care of a family with a newborn -- Nutritional needs of a newborn -- Nursing care of a family experiencing a pregnancy complication from a preexisting or newly acquired illness -- Nursing care of a family experiencing a sudden pregnancy complication -- Nursing care of a pregnant family with special needs -- Nursing care of a family experiencing a complication of labor or birth -- Nursing care of a family during cesarean birth -- Nursing care of a family experiencing a postpartal complication -- Nursing care of a family with high-risk newborn -- Nursing care of the child born with a physical or developmental challenge -- Principles of growth and development -- Nursing care of a family with on infant -- Nursing care of a family with a toddler --
505 0 _aNursing care of a family with a preschool child -- Nursing care of a family with a school-age child -- Nursing care of a family with an adolescent -- Child health assessment -- Communication and teaching with children and families -- Nursing care of a family with an ill child -- Nursing care of a family when a child needs diagnostic or therapeutic modalities -- Nursing care of a family when a child needs medication administration or intravenous therapy -- Pain management in children -- Nursing care of a family when a child has a respiratory disorder -- Nursing care of a family when a child has a cardiovascular disorder -- Nursing care of a family when a child has an immune disorder -- Nursing care of a family when child has an infectious disorder -- Nursing care of a family when a child has a hematologic disorder -- Nursing care of a family when a child has a gastrointestinal disorder -- Nursing care of a family when a child has a renal or urinary tract disorder -- Nursing care of a family when a child has a reproductive disorder -- Nursing care of a family when a child has an endocrine or metabolic disorder -- Nursing care of a family when a child has a neurologic disorder -- Nursing care of a family when a child has a vision or hearing disorder -- Nursing care of a family when a child has a musculoskeletal disorder -- Nursing care of a family when a child has an unintentional injury -- Nursing care of a family when a child has a malignancy -- Nursing care of a family when a child has a cognitive or mental health disorder -- Nurisng care of a family in crisis: abuse and violence in the family -- Nursing care of a family when a a child has a long-term or terminal illness.
650 0 _aMaternity nursing.
650 0 _aPediatric nursing.
650 0 _aWomen
_vHealth and hygiene
_xTextbooks.
_96500
650 0 _aMaternity nursing.
_94282
655 0 _aCD-ROMs.
700 _aMurray, Sharon,
_eauthor.
_96478
700 _aMcKinney, Emily,
_eauthor.
_96479
700 _aHolub, Karen S.,
_eauthor.
_96480
700 _aJones, Renee,
_eauthor.
_96481
700 _aScheffer, Kristin L.,
_eauthor.
_96482
856 4 2 _3Publisher description
_uhttp://www.loc.gov/catdir/enhancements/fy1010/2008052578-d.html
856 4 1 _3Table of contents only
_uhttp://www.loc.gov/catdir/enhancements/fy1012/2008052578-t.html
942 _2lcc
_cR
999 _c87168
_d87166